000 00314nam a2200121Ia 4500
008 241015s9999 xx 000 0 und d
041 _aeng
082 _a330.9 SAU
100 _aNathan Saunders
245 _aEconomic Growth And Development
260 _bStates Academic Press
_aUSA
_c2022
300 _a234;. P. 27 cm
999 _c41565
_d41565